|
|
|
|
| LEADER |
00000cam a22000004a 4500 |
| 001 |
musev2_61547 |
| 003 |
MdBmJHUP |
| 005 |
20230905050338.0 |
| 006 |
m o d |
| 007 |
cr||||||||nn|n |
| 008 |
171204s2010 mau o 00 0 eng d |
| 020 |
|
|
|a 9781684175048
|
| 020 |
|
|
|z 9780674056107
|
| 020 |
|
|
|z 1684175046
|
| 035 |
|
|
|a (OCoLC)1132667517
|
| 040 |
|
|
|a MdBmJHUP
|c MdBmJHUP
|
| 100 |
1 |
|
|a Frost, Dennis J.,
|e author.
|
| 245 |
1 |
0 |
|a Seeing Stars :
|b Sports Celebrity, Identity, and Body Culture in Modern Japan /
|c Dennis J. Frost.
|
| 264 |
|
1 |
|a Cambridge, Mass. :
|b Distributed by Harvard University Press,
|c 2010.
|
| 264 |
|
3 |
|a Baltimore, Md. :
|b Project MUSE,
|c 2020
|
| 264 |
|
4 |
|c ©2010.
|
| 300 |
|
|
|a 1 online resource (366 pages).
|
| 336 |
|
|
|a text
|b txt
|2 rdacontent
|
| 337 |
|
|
|a computer
|b c
|2 rdamedia
|
| 338 |
|
|
|a online resource
|b cr
|2 rdacarrier
|
| 490 |
0 |
|
|a Harvard East Asian monographs ;
|v 331
|
| 505 |
0 |
|
|a Preliminary Material -- Sports Celebrity in Japan: A Transnational History -- Saving Sumo: Re-Presenting the National Sport -- The Making of a Self-Made Star: Celebrity Images and the Emergence of a Sports-Star Paradigm -- "So, Your Daughter Is a Sportsman": Gender Anxiety and Nationalism in the Golden Age of Sports -- "Japan's Number One" Goes to War: Baseball, Militarization, and Memory -- Becoming the Kanmuriwashi: Ethnicity, Narrativity, and "Spectacular Difference" -- Epilogue -- Notes -- Bibliography -- Index -- Harvard East Asian Monographs.
|
| 588 |
|
|
|a Description based on print version record.
|
| 650 |
|
7 |
|a Sports in popular culture.
|2 fast
|0 (OCoLC)fst01904777
|
| 650 |
|
7 |
|a Public opinion.
|2 fast
|0 (OCoLC)fst01082785
|
| 650 |
|
7 |
|a National characteristics, Japanese.
|2 fast
|0 (OCoLC)fst01033459
|
| 650 |
|
7 |
|a Manners and customs.
|2 fast
|0 (OCoLC)fst01007815
|
| 650 |
|
7 |
|a Human body
|x Social aspects.
|2 fast
|0 (OCoLC)fst01730101
|
| 650 |
|
7 |
|a Athletes
|x Public opinion.
|2 fast
|0 (OCoLC)fst00820062
|
| 650 |
|
7 |
|a Athletes in mass media.
|2 fast
|0 (OCoLC)fst00820082
|
| 650 |
|
7 |
|a BIOGRAPHY & AUTOBIOGRAPHY
|x Sports.
|2 bisacsh
|
| 650 |
|
6 |
|a Opinion publique
|z Japon.
|
| 650 |
|
6 |
|a Japonais.
|
| 650 |
|
6 |
|a Corps humain
|x Aspect social
|z Japon.
|
| 650 |
|
6 |
|a Sportifs dans les medias.
|
| 650 |
|
6 |
|a Sports dans la culture populaire
|z Japon.
|
| 650 |
|
6 |
|a Celebrites
|z Japon
|x Opinion publique.
|
| 650 |
|
0 |
|a Public opinion
|z Japan.
|
| 650 |
|
0 |
|a National characteristics, Japanese.
|
| 650 |
|
0 |
|a Human body
|x Social aspects
|z Japan.
|
| 650 |
|
0 |
|a Athletes in mass media.
|
| 650 |
|
0 |
|a Sports in popular culture
|z Japan.
|
| 650 |
|
0 |
|a Celebrities
|z Japan
|x Public opinion.
|
| 650 |
|
0 |
|a Athletes
|z Japan
|x Public opinion.
|
| 651 |
|
7 |
|a Japan.
|2 fast
|0 (OCoLC)fst01204082
|
| 651 |
|
6 |
|a Japon
|x Moeurs et coutumes.
|
| 651 |
|
0 |
|a Japan
|x Social life and customs.
|
| 655 |
|
7 |
|a Electronic books.
|2 local
|
| 710 |
2 |
|
|a Project Muse.
|e distributor
|
| 830 |
|
0 |
|a Book collections on Project MUSE.
|
| 856 |
4 |
0 |
|z Texto completo
|u https://projectmuse.uam.elogim.com/book/61547/
|
| 945 |
|
|
|a Project MUSE - Custom Collection
|
| 945 |
|
|
|a Project MUSE - Archive Complete Supplement VIII
|
| 945 |
|
|
|a Project MUSE - Archive Global Cultural Studies Supplement VIII
|
| 945 |
|
|
|a Project MUSE - Archive Asian and Pacific Studies Supplement VII
|